Language Quiz

Random Language or Letter Quiz

Shared Word Quiz Stats

 Plays Quiz Updated Nov 8, 2018

Support Sporcle.
Go Orange.
Score 0/20 Timer 05:00
1 Play Today
# of letters Answer % Correct
4Head
81.2%
5Split
70%
7Thunder
68.4%
6Basket
65.7%
4Pine
60.2%
4Hair
59.3%
4Fish
56.8%
5Laser
55.4%
5Table
50.3%
4Star
49.9%
# of letters Answer % Correct
3Bed
48.9%
4Wind
46.2%
5Heart
35.9%
4Land
34.6%
3War
28.3%
4Foot
25.1%
7Quarter
11.7%
6Master
10.3%
5Shore
5%
4Form
4%

From the Vault

Pac-Man Ghosts

by JJMaster19

Gaming 30s
Honestly, it wasn't fair of Pac-Man to just go around eating all that fruit. Just because it's on the ground doesn't mean it's free!
Remove Ads.
Support Sporcle.
Get the best of Sporcle when you Go Orange. This ad-free experience offers more features, more stats, and more fun while also helping to support Sporcle. Thank you for becoming a member.

Show Comments

Extras

Top Quizzes Today


Score Distribution

Your Account Isn't Verified!

In order to create a playlist on Sporcle, you need to verify the email address you used during registration. Go to your Sporcle Settings to finish the process.

Report this User

Report this user for behavior that violates our Community Guidelines.

Details: